ជីវៈចម្រុះនៅទន្លេមេគង្គ និង បឹងទន្លេសាប / (Record no. 1544)

MARC details
000 -LEADER
fixed length control field 02114nam a22003617a 4500
001 - CONTROL NUMBER
control field 1544
003 - CONTROL NUMBER IDENTIFIER
control field FISKH
005 - DATE AND TIME OF LATEST TRANSACTION
control field 20230907154640.0
008 - FIXED-LENGTH DATA ELEMENTS--GENERAL INFORMATION
fixed length control field 230906b cb ||||| |||| 00| 0 khr d
020 ## - INTERNATIONAL STANDARD BOOK NUMBER
International Standard Book Number 9789924340614
040 ## - CATALOGING SOURCE
Original cataloging agency FISKH
Language of cataloging eng
Transcribing agency FISKH
Modifying agency FISKH
082 ## - DEWEY DECIMAL CLASSIFICATION NUMBER
Classification number 333.952
100 ## - MAIN ENTRY--PERSONAL NAME
Personal name Sarith, Huot
245 ## - TITLE STATEMENT
Title ជីវៈចម្រុះនៅទន្លេមេគង្គ និង បឹងទន្លេសាប /
Statement of responsibility, etc. និពន្ធដោយ ហួត សារិទ្ធ​​, ប៊ុត សុផល, ឆាយ ដាវីន និង Nathalie Tordjman - ប្រឹក្សាយោបល់ដោយ Françoise Récamier
250 ## - EDITION STATEMENT
Edition statement បោះពុម្ពលើកទី ២ សីហា ២០២១
260 ## - PUBLICATION, DISTRIBUTION, ETC.
Place of publication, distribution, etc. Phnom Penh :
Name of publisher, distributor, etc. Sipar,
Date of publication, distribution, etc. 2021.
300 ## - PHYSICAL DESCRIPTION
Extent 37 pages :
Other physical details map ; color illustrations ;
Dimensions 25 cm
490 ## - SERIES STATEMENT
Series statement ស្វែងយល់ពី
505 ## - FORMATTED CONTENTS NOTE
Formatted contents note Z<br/>
520 ## - SUMMARY, ETC.
Summary, etc. ស្វែងយល់ពីជីវចម្រុះនៃទន្លេមេគង្គ និងបឹងទន្លេសាប ដើម្បីដឹងពីជីវភាពរស់នៅរបស់មនុស្ស សត្វស្លាប សត្វក្នុងទឹក និងរុក្ខជាតិផ្សេងៗ រួមជាមួយនឹងរដូវទឹកជំនន់ និងរដូវប្រាំង។
520 ## - SUMMARY, ETC.
Summary, etc. Discover Biodiversity of Mekong and Tonle Sap Lake to know the livelihood of people, birds, water animals and various plants along with flooded season and dried season.
521 8# - TARGET AUDIENCE NOTE
Target audience note 890<br/><br/>
Source Lexile estimate<br/>
521 8# - TARGET AUDIENCE NOTE
Target audience note Z<br/>
Source Raz-Plus<br/>
650 ## - SUBJECT ADDED ENTRY--TOPICAL TERM
Topical term or geographic name entry element ជីវៈចម្រុះ
Form subdivision ធម្មជាតិ
General subdivision រដូវ
Chronological subdivision ការរស់នៅ
650 ## - SUBJECT ADDED ENTRY--TOPICAL TERM
Topical term or geographic name entry element Biodiversity
Form subdivision Nature
General subdivision Season
Chronological subdivision Living
700 ## - ADDED ENTRY--PERSONAL NAME
Personal name Sophal Bot
Relator term Author
700 ## - ADDED ENTRY--PERSONAL NAME
Personal name Davin, Chhay
Relator term Author
700 ## - ADDED ENTRY--PERSONAL NAME
Personal name Tordjman, Nathalie
Relator term Author
700 ## - ADDED ENTRY--PERSONAL NAME
Personal name Visal, Seng
Relator term illustrator
700 ## - ADDED ENTRY--PERSONAL NAME
Personal name Ratha, Ouk
Relator term illustrator
700 ## - ADDED ENTRY--PERSONAL NAME
Dates associated with a name Visoth, Seng
Relator term illustrator
942 ## - ADDED ENTRY ELEMENTS (KOHA)
Source of classification or shelving scheme Dewey Decimal Classification
Koha item type Books
Suppress in OPAC No
Holdings
Withdrawn status Lost status Source of classification or shelving scheme Damaged status Not for loan Collection Home library Current library Shelving location Date acquired Total Checkouts Full call number Barcode Date last seen Copy number Price effective from Koha item type Date last checked out
    Dewey Decimal Classification     Khmer Non-Fiction / សៀវភៅខ្មែរ រឿងពិត Footprints International School Library Network Toul Kork Campus Footprints International School Library Network Toul Kork Campus TK Campus, Room B402, Khmer Book Case 16, Shelves 112-123 / ទូរសៀវភៅខ្មែរលេខ ១៦​ ធ្នើរ ១១២ ដល់ ១២៣ បន្ទប់ B402 សាខាទួលគោក 09/06/2023   SAR 333.952 2023-0494 09/06/2023 1 09/06/2023 Books  
    Dewey Decimal Classification     Khmer Non-Fiction / សៀវភៅខ្មែរ រឿងពិត Footprints International School Library Network Toul Kork Campus Footprints International School Library Network Toul Kork Campus TK Campus, Room B402, Khmer Book Case 16, Shelves 112-123 / ទូរសៀវភៅខ្មែរលេខ ១៦​ ធ្នើរ ១១២ ដល់ ១២៣ បន្ទប់ B402 សាខាទួលគោក 09/06/2023 2 SAR 333.952 2023-0495 06/09/2025 2 09/06/2023 Books 12/03/2024